000 00223nam a22001217a 4500
020 _a0-43112-270-9
082 _a001
_bSPA/V
245 _aVENUS
260 _aUK
_bGILES SPARROW
300 _a39
650 _aGK
942 _cBK
999 _c6392
_d6392